| 000 | 01370cam a2200289Ka 4500 | ||
|---|---|---|---|
| 001 | addamsfamilyfest00ross | ||
| 003 | CaSfIA | ||
| 005 | 20210117182007.0 | ||
| 007 | cr|||| | ||
| 008 | 950818s1992 nyua 000 0 eng d | ||
| 040 |
_aWYG _cWYG _dOCLCQ _dCaSfIA |
||
| 020 |
_a0440840163 (pbk.) : _c$3.00 |
||
| 020 | _a9780440840169 (pbk.) | ||
| 035 | _a(OCoLC)33006831 | ||
| 100 | 1 | _aRoss, H. L. | |
| 245 | 1 | 4 |
_aThe Addams family : _h[electronic resource] _bFester's unbelievable underwear / _cby H.L. Ross. |
| 260 |
_aNew York : _bTrumpet Club, _cc1992. |
||
| 300 |
_a64 p. : _bill. ; _c20 cm. |
||
| 500 | _a"A Trumpet Club original book." | ||
| 740 | 0 | 1 | _aFester's unbelievable underwear. |
| 856 | 4 | 1 |
_uhttp://www.archive.org/details/addamsfamilyfest00ross _zFree eBook from the Internet Archive |
| 856 | 4 | 2 |
_uhttp://www.openlibrary.org/books/OL24199438M _zAdditional information and access via Open Library |
| 999 |
_c465552 _d465552 |
||
| 942 | _cEB | ||
| 506 | _fНеобхідна авторизація на https://archive.org/ (створення облікового запису безкоштовно) | ||
| 506 | _fНеобхідна авторизація на https://openlibrary.org/ (створення облікового запису безкоштовно) | ||